MARC details
| 000 -CABECERA |
| campo de control de longitud fija |
01448nam a2200241 a 4500 |
| 001 - NÚMERO DE CONTROL |
| campo de control |
000021408 |
| 005 - FECHA Y HORA DE LA ÚLTIMA TRANSACCIÓN |
| campo de control |
20240422101417.0 |
| 008 - DATOS DE LONGITUD FIJA--INFORMACIÓN GENERAL |
| campo de control de longitud fija |
100907s1989 dr abc 000 0 spa d |
| 040 ## - FUENTE DE LA CATALOGACIÓN |
| Centro catalogador/agencia de origen |
DO-SdBNP |
| Lengua de catalogación |
spa |
| Centro/agencia transcriptor |
BNPHU |
| 082 ## - NÚMERO DE LA CLASIFICACIÓN DECIMAL DEWEY |
| Número de clasificación |
972.93052 |
| Número de documento/Ítem |
C146i |
| 100 1# - ENTRADA PRINCIPAL--NOMBRE DE PERSONA |
| Nombre de persona |
Calder, Bruce J. |
| 9 (RLIN) |
44670 |
| 240 13 - TÍTULO UNIFORME |
| Título uniforme |
The impact of intervention |
| Lenguaje de la obra |
español |
| 245 13 - MENCIÓN DE TÍTULO |
| Título |
El impacto de la intervención : |
| Resto del título |
la República Dominicana durante la ocupación norteamericana de 1916-1924 / |
| Mención de responsabilidad, etc. |
Bruce J. Calder. |
| 260 ## - PUBLICACIÓN, DISTRIBUCIÓN, ETC. |
| Lugar de publicación, distribución, etc. |
Santo Domingo : |
| Nombre del editor, distribuidor, etc. |
Fundación Cultural Dominicana, |
| Fecha de publicación, distribución, etc. |
1989. |
| 300 ## - DESCRIPCIÓN FÍSICA |
| Extensión |
405 p. : |
| Otras características físicas |
il., map., retr. ; |
| Dimensiones |
24 cm. |
| 500 ## - NOTA GENERAL |
| Nota general |
Incluye índice alfabético |
| 500 ## - NOTA GENERAL |
| Nota general |
Incluye referencias bibliográficas y notas al pie de las páginas |
| 504 ## - NOTA DE BIBLIOGRAFÍA, ETC. |
| Nota de bibliografía, etc. |
Bibliografías p. 373-385 |
| 505 0# - NOTA DE CONTENIDO CON FORMATO |
| Nota de contenido con formato |
Comienza la ocupación: 1916 -- |
| Título |
La economía política del gobierno militar I -- |
| -- |
La economía política del gobierno militar II -- |
| -- |
El gobierno militar, la industria azucarera y las cuestiones de la tierra -- |
| -- |
Guerra de guerrillas en el Este: orígenes -- |
| -- |
Guerra de guerrillas en el Este: los primeros años -- |
| -- |
Guerra de guerrillas en el Este: estancamiento y resolución -- |
| -- |
La campaña nacionalista para el retiro 1917-1921 -- |
| -- |
La campaña nacionalista para el retiro 1921-1924. |
| 534 ## - NOTA SOBRE LA VERSIÓN ORIGINAL |
| Encabezamiento principal del original |
Traducido del inglés |
| 651 #0 - PUNTO DE ACCESO ADICIONAL DE MATERIA--NOMBRE GEOGRÁFICO |
| Nombre geográfico |
República Dominicana -- |
| Subdivisión general |
Historia -- |
| Subdivisión cronológica |
Ocupación norteamericana, 1916-1924 |
| 9 (RLIN) |
1926 |
| 910 ## - DATOS DE OPCIÓN DEL USUARIO (OCLC) |
| Datos de opción del usuario |
Validado. Control de calidad MFF |